Les pays qualifiés à la Coupe du Monde par 2 premières lettres ! - Statistiques

Statistiques générales
  • Ce quiz a été pris 475 fois
  • Le résultat moyen est 23 sur 32
Statistiques - réponses
Zone Nation % Correct
UEFA France
99%
UEFA Allemagne
94%
AFC Arabie Saoudite
92%
CONMEBOL Argentine
92%
UEFA Pologne
89%
UEFA Portugal
89%
CONMEBOL Brésil
86%
UEFA Espagne
86%
CONMEBOL Colombie
85%
AFC Corée du Sud
85%
CONCACAF Costa Rica
85%
UEFA Angleterre
82%
CAF Maroc
79%
UEFA Belgique
78%
UEFA Suède
76%
UEFA Suisse
76%
AFC Australie
75%
CONCACAF Panama
74%
UEFA Russie
73%
AFC Japon
70%
CAF Sénégal
67%
UEFA Serbie
67%
AFC Iran
63%
CONCACAF Mexique
61%
UEFA Croatie
59%
UEFA Danemark
58%
CONMEBOL Uruguay
58%
CAF Tunisie
56%
CONMEBOL Pérou
53%
CAF Nigéria
47%
CAF Egypte
45%
UEFA Islande
43%
Aucun quiz correspondant
Distribution des résultats
% des personnes avec chaque résultat
Percentile par nombre de réponses
Votre historique - résultats
Vous n’avez pas pris ce quiz